书目信息 |
| 题名: |
体育古项
|
|
| 作者: | 肖东发 主编 ;王进军 编著 | |
| 分册: | ||
| 出版信息: | 北京 现代出版社 2014 |
|
| 页数: | 164页 | |
| 开本: | 23cm | |
| 丛书名: | 中华精神家园 | |
| 单 册: | ||
| 中图分类: | G812.92 , G812.9 | |
| 科图分类: | ||
| 主题词: | 古代体育--中国--通俗读物 | |
| 电子资源: | ||
| ISBN: | 978-7-5143-2461-7 | |
| 000 | 00996oam2 2200289 450 | |
| 001 | 2349925498 | |
| 005 | 20231128232253.54 | |
| 010 | @a978-7-5143-2461-7@dCNY29.80 | |
| 100 | @a20181129d2014 em y0chiy50 ea | |
| 101 | 0 | @achi |
| 102 | @aCN@b110000 | |
| 105 | @aa z 000yy | |
| 200 | 1 | @a体育古项@Ati yu gu xiang@e体育运动与古老项目@f肖东发主编@g王进军编著 |
| 210 | @a北京@c现代出版社@d2014 | |
| 215 | @a164页@c图@d23cm | |
| 225 | 2 | @@a中华精神家园@i歌舞共娱 |
| 330 | @a本书包括足球鼻祖——蹴鞠游戏、相扑前身——角抵运动、骑兵训练——马球活动、力量象征——举鼎项目、尚武之风——古代骑术等五部分内容。 | |
| 410 | 0 | @12001 @a中华精神家园 |
| 410 | 0 | @12001 @a歌舞共娱 |
| 517 | 1 | @a体育运动与古老项目@9ti yu yun dong yu gu lao xiang mu |
| 606 | 0 | @a古代体育@y中国@j通俗读物 |
| 690 | @aG812.92@v5 | |
| 690 | @aG812.9@v4 | |
| 701 | 0 | @a肖东发@Axiao dong fa@f(1949~2016)@4主编 |
| 702 | 0 | @a王进军@Awang jin jun@4编著 |
| 801 | 0 | @aCN@b91MARC@c20181129 |
| 905 | @aZUCC@dG812.9@e54 | |
| 体育古项:体育运动与古老项目/肖东发主编/王进军编著.-北京:现代出版社,2014 |
| 164页:图;23cm.-(中华精神家园.歌舞共娱) |
| ISBN 978-7-5143-2461-7:CNY29.80 |
| 本书包括足球鼻祖——蹴鞠游戏、相扑前身——角抵运动、骑兵训练——马球活动、力量象征——举鼎项目、尚武之风——古代骑术等五部分内容。 |
| ● |
| 相关链接 |
|
|
|
正题名:体育古项
索取号:G812.9/54
 
预约/预借
| 序号 | 登录号 | 条形码 | 馆藏地/架位号 | 状态 | 备注 |
| 1 | 2000995175 | 2000995175 | 第四书库/四8架B面4层1列/ [索取号:G812.9/54] | 在馆 | |
| 2 | 2000995176 | 2000995176 | 第四书库/四8架B面4层1列/ [索取号:G812.9/54] | 在馆 | |
| 3 | 2000995177 | 2000995177 | 第四书库/四8架B面4层1列/ [索取号:G812.9/54] | 在馆 | |
| 4 | 2000995178 | 2000995178 | 第四书库/四8架B面4层1列/ [索取号:G812.9/54] | 在馆 | |
| 5 | 2000995179 | 2000995179 | 第四书库/四8架B面4层1列/ [索取号:G812.9/54] | 在馆 | |
| 6 | 2000995180 | 2000995180 | 第四书库/四8架B面4层1列/ [索取号:G812.9/54] | 在馆 |